[Event "XV Festival A"]
[Site "Robecchetto con Induno ITA"]
[Date "2004.12.29"]
[Round "5"]
[White "Astengo, Marcello"]
[Black "Sbarra, Marco"]
[Result "0-1"]
[WhiteElo "2032"]
[BlackElo "2231"]
[PlyCount "58"]
[EventDate "2004.12.27"]

1. d4 d5 2. c4 e6 3. Nc3 c5 4. cxd5 cxd4 5. Qa4+ Bd7 6. Qxd4 exd5 7. Nf3 Nc6 8.
Qd1 Bb4 9. g3 Bg4 10. Nd4 Nf6 11. Bg2 O-O 12. Nxc6 bxc6 13. O-O Re8 14. Be3 Qd7
15. Na4 Rac8 16. a3 Bd6 17. Re1 Bh3 18. Bh1 Rxe3 19. fxe3 Qe7 20. Qd3 Re8 21.
Rac1 c5 22. Bf3 h5 23. Nc3 h4 24. Kf2 d4 25. exd4 cxd4 26. Nd5 Nxd5 27. Bxd5
Qg5 28. Bc6 Re3 29. Rg1 hxg3+ 0-1

[Event "XV Festival A"]
[Site "Robecchetto con Induno ITA"]
[Date "2004.12.29"]
[Round "5"]
[White "Barlocco, Carlo"]
[Black "Zacco, Remo"]
[Result "1-0"]
[WhiteElo "2108"]
[BlackElo "2016"]
[PlyCount "117"]
[EventDate "2004.12.27"]

1. d4 d6 2. Nc3 g6 3. e4 Bg7 4. f4 Nf6 5. Nf3 c5 6. dxc5 Qa5 7. Bd3 Qxc5 8. Qe2
Nc6 9. Be3 Qb4 10. O-O O-O 11. a3 Qa5 12. Kh1 Bg4 13. Qf2 Rfc8 14. Bd2 Bxf3 15.
Qxf3 e6 16. Rad1 Qb6 17. Bc1 Rd8 18. Bc4 a6 19. Ba2 Rac8 20. Rd3 h5 21. h3 Qc7
22. Rfd1 b5 23. b4 Ne8 24. Ne2 a5 25. c3 axb4 26. cxb4 Qe7 27. Be3 Ra8 28. e5
dxe5 29. Qxc6 Rac8 30. Qxb5 Rxd3 31. Qxd3 exf4 32. Nxf4 Qf6 33. Ne2 Qh4 34. Ng1
Bf6 35. Nf3 Qg3 36. Qe4 Ng7 37. Qf4 Qxf4 38. Bxf4 Ra8 39. Bc1 Nf5 40. Rd3 Rc8
41. Bg5 Bb2 42. Rd8+ Rxd8 43. Bxd8 Bxa3 44. b5 Nd6 45. b6 Kf8 46. Bc7 Ke7 47.
Ne5 f6 48. Nxg6+ Kd7 49. Nf4 e5 50. Nxh5 f5 51. Bd5 e4 52. Nf4 Kc8 53. Bc6 e3
54. Nd5 Nb7 55. Nxe3 Na5 56. Bd5 f4 57. Nf5 f3 58. gxf3 Bc5 59. h4 1-0

[Event "XV Festival A"]
[Site "Robecchetto con Induno ITA"]
[Date "2004.12.29"]
[Round "5"]
[White "Bianchi, Alberto"]
[Black "Temi, Walter"]
[Result "1-0"]
[WhiteElo "2046"]
[BlackElo "2099"]
[PlyCount "75"]
[EventDate "2004.12.27"]

1. e4 b6 2. Nf3 Bb7 3. Nc3 e6 4. Be2 Nf6 5. d3 d6 6. O-O Nbd7 7. Bf4 a6 8. e5
dxe5 9. Nxe5 Bd6 10. d4 O-O 11. Bf3 Nd5 12. Nxd5 exd5 13. c4 f6 14. Nd3 Re8 15.
Bxd6 cxd6 16. Nf4 Rc8 17. cxd5 Nf8 18. Re1 Rxe1+ 19. Qxe1 Rc2 20. Bd1 Rc4 21.
Qe3 Rc7 22. Bb3 Re7 23. Qd2 b5 24. h3 a5 25. a3 Qb6 26. Rd1 Qa7 27. Ba2 Qa8 28.
Re1 Rxe1+ 29. Qxe1 g5 30. Nh5 Kf7 31. Qe4 Qc8 32. Qe1 Qa8 33. Ng3 Bxd5 34.
Bxd5+ Qxd5 35. Qxa5 Kg6 36. Qd8 Ne6 37. Qe8+ Kh6 38. Qf7 1-0

[Event "XV Festival A"]
[Site "Robecchetto con Induno ITA"]
[Date "2004.12.29"]
[Round "5"]
[White "Caselli, Luigi"]
[Black "Di Donato, Giovanni"]
[Result "1-0"]
[WhiteElo "2282"]
[BlackElo "2142"]
[PlyCount "57"]
[EventDate "2004.12.27"]

1. d4 d5 2. c4 c6 3. Nf3 Nf6 4. cxd5 cxd5 5. Nc3 a6 6. Bg5 Ne4 7. Bh4 Qa5 8.
Qb3 Nxc3 9. bxc3 Nc6 10. e3 e6 11. Bd3 Bd6 12. Bg3 Be7 13. e4 b5 14. O-O Bb7
15. exd5 exd5 16. a4 b4 17. cxb4 Nxb4 18. Rfe1 Bc8 19. Bd6 Be6 20. Bxe7 Kxe7
21. Bf5 Rab8 22. Bxe6 fxe6 23. Ng5 Rb6 24. Qh3 Nc2 25. Rxe6+ Rxe6 26. Qxe6+ Kd8
27. Nf7+ Kc7 28. Qd6+ Kc8 29. Rb1 1-0

[Event "XV Festival A"]
[Site "Robecchetto con Induno ITA"]
[Date "2004.12.29"]
[Round "5"]
[White "Pace, Pietro Dario"]
[Black "Mrdja, Milan"]
[Result "0-1"]
[WhiteElo "2130"]
[BlackElo "2420"]
[PlyCount "108"]
[EventDate "2004.12.27"]

1. e4 g6 2. d4 Bg7 3. Nc3 d6 4. Nf3 Nd7 5. Be2 e6 6. Bg5 Ne7 7. Qd2 h6 8. Be3
a6 9. a4 b6 10. O-O Bb7 11. Ne1 Nf6 12. f3 g5 13. Bd3 Ng6 14. Rd1 Qe7 15. Ne2
Nh5 16. c4 O-O 17. Nc2 f5 18. b4 fxe4 19. Bxe4 Bxe4 20. fxe4 Nf6 21. Ng3 Qd7
22. Ra1 Ng4 23. Rxf8+ Rxf8 24. Ra3 Qc6 25. h3 Nxe3 26. Nxe3 Nf4 27. d5 Qe8 28.
a5 b5 29. c5 exd5 30. exd5 Qe5 31. Kh1 Nxh3 32. Ng4 Qf4 33. Qxf4 Nxf4 34. cxd6
cxd6 35. Ne3 Rc8 36. Ngf5 Rc1+ 37. Kh2 Rc3 38. Rxc3 Bxc3 39. g3 Nd3 40. Nxd6
Bxb4 41. Nb7 Nc5 42. Nd8 Bxa5 43. Nc6 Bc7 44. Nf5 Ne4 45. Kg2 h5 46. Kf3 Nd6
47. Nfd4 Bb6 48. Ne6 a5 49. Nxg5 a4 50. Ne4 Nxe4 51. Kxe4 a3 52. Nb4 Bc5 53.
Na2 b4 54. Nc1 Bd6 0-1

[Event "XV Festival A"]
[Site "Robecchetto con Induno ITA"]
[Date "2004.12.29"]
[Round "5"]
[White "Paleologu, Vladimir"]
[Black "La Torre, Giovanni"]
[Result "1/2-1/2"]
[WhiteElo "2134"]
[BlackElo "2036"]
[PlyCount "71"]
[EventDate "2004.12.27"]

1. e4 c5 2. a3 g6 3. b4 Bg7 4. Nc3 d6 5. Nf3 Nf6 6. Rb1 O-O 7. Bd3 b6 8. O-O
Nc6 9. b5 Nd4 10. Nxd4 cxd4 11. Ne2 d5 12. e5 Ne4 13. Nxd4 Qc7 14. f4 f6 15.
exf6 Rxf6 16. Qf3 Rxf4 17. Qxf4 Bxd4+ 18. Kh1 Qxf4 19. Rxf4 Nf2+ 20. Rxf2 Bxf2
21. Bb2 a6 22. a4 axb5 23. Bxb5 Bf5 24. Bc6 Rd8 25. d3 Rd6 26. Bb7 Rd7 27. Bc6
Rd6 28. Bb7 Rd7 29. Bc8 Rc7 30. Bxf5 gxf5 31. c3 e6 32. g3 Kf7 33. Kg2 Be3 34.
Kf3 Bd2 35. d4 Rc4 36. Ke2 1/2-1/2

[Event "XV Festival A"]
[Site "Robecchetto con Induno ITA"]
[Date "2004.12.29"]
[Round "5"]
[White "Volpi, Davide"]
[Black "Magrini, Riccardo"]
[Result "1/2-1/2"]
[WhiteElo "2069"]
[BlackElo "2229"]
[PlyCount "106"]
[EventDate "2004.12.27"]

1. e4 c5 2. Nf3 Nc6 3. g3 g6 4. Bg2 Bg7 5. O-O Nf6 6. Re1 O-O 7. c3 d5 8. e5
Ng4 9. d4 cxd4 10. cxd4 Nh6 11. Nc3 Bg4 12. h3 Bxf3 13. Bxf3 e6 14. Be3 Nf5 15.
Qd2 Qb6 16. Red1 f6 17. Na4 Qd8 18. Nc5 Qe7 19. exf6 Bxf6 20. Nb3 Rad8 21. Kg2
Qf7 22. Bg4 h5 23. Bxf5 exf5 24. Rac1 Rfe8 25. Qe2 Re4 26. Qb5 g5 27. Nc5 Nxd4
28. Bxd4 Rxd4 29. Rxd4 Bxd4 30. Qxb7 Qxb7 31. Nxb7 Rd7 32. Nc5 Rc7 33. b4 a5
34. a3 Bb2 35. Rd1 d4 36. Ne6 Re7 37. Nxg5 axb4 38. axb4 Rb7 39. Ne6 Rxb4 40.
Nf4 h4 41. Nd3 Rb3 42. Nxb2 Rxb2 43. Rxd4 hxg3 44. Kxg3 Kg7 45. Rd6 Ra2 46. f3
Ra4 47. h4 Rb4 48. h5 Ra4 49. h6+ Kh7 50. Rf6 Rb4 51. Rxf5 Kxh6 52. Rf4 Rb5 53.
Rg4 Rg5 1/2-1/2

[Event "XV Festival A"]
[Site "Robecchetto con Induno ITA"]
[Date "2004.12.29"]
[Round "6"]
[White "Di Donato, Giovanni"]
[Black "Bianchi, Alberto"]
[Result "1-0"]
[WhiteElo "2142"]
[BlackElo "2046"]
[PlyCount "73"]
[EventDate "2004.12.27"]

1. e4 e5 2. Nf3 Nc6 3. Bc4 Be7 4. Nc3 Nf6 5. d3 d6 6. h3 O-O 7. O-O Na5 8. Bb3
a6 9. Nh2 Nxb3 10. axb3 d5 11. exd5 Nxd5 12. Ng4 Nxc3 13. bxc3 Bd6 14. f4 exf4
15. Bxf4 Bxf4 16. Rxf4 Bxg4 17. Qxg4 Qd5 18. Qg3 Rae8 19. Re4 Qc5+ 20. d4 Qc6
21. Rh4 Qe6 22. Qxc7 Qe3+ 23. Kh2 Rc8 24. Qxb7 Rxc3 25. Qe4 Qg3+ 26. Kh1 f5 27.
Qe6+ Kh8 28. Qe1 Qc7 29. Qe5 Qc8 30. Rf4 Rxc2 31. Raf1 Qc6 32. d5 Qg6 33. Rg4
Qh6 34. Rxf5 Qc1+ 35. Kh2 Rg8 36. Qxg7+ Rxg7 37. Rf8+ 1-0

[Event "XV Festival A"]
[Site "Robecchetto con Induno ITA"]
[Date "2004.12.29"]
[Round "6"]
[White "La Torre, Giovanni"]
[Black "Caselli, Luigi"]
[Result "0-1"]
[WhiteElo "2036"]
[BlackElo "2282"]
[PlyCount "78"]
[EventDate "2004.12.27"]

1. Nf3 Nc6 2. d4 d5 3. c4 Bg4 4. e3 e6 5. Nc3 Nf6 6. Be2 Bb4 7. Qb3 O-O 8. cxd5
exd5 9. O-O Bxc3 10. Qxc3 Ne4 11. Qc2 Re8 12. a3 Re6 13. b4 a6 14. Bb2 Qe8 15.
Ne5 Bxe2 16. Qxe2 f6 17. Nd3 Re7 18. Rac1 Na7 19. Nf4 c6 20. Rc2 Nd6 21. Qg4
Nc4 22. Bc1 Nb5 23. a4 Nbd6 24. Nd3 a5 25. bxa5 Rxa5 26. Ra2 b5 27. Qd1 Rea7
28. Nc5 Nb7 29. Nxb7 Rxb7 30. Bd2 Rxa4 31. Qb3 Rba7 32. Rxa4 bxa4 33. Qa2 Qb8
34. Rb1 Rb7 35. Rxb7 Qxb7 36. Bc3 Qb3 37. Qa1 a3 38. g3 a2 39. Kg2 Qb1 0-1

[Event "XV Festival A"]
[Site "Robecchetto con Induno ITA"]
[Date "2004.12.29"]
[Round "6"]
[White "Magrini, Riccardo"]
[Black "Astengo, Marcello"]
[Result "0-1"]
[WhiteElo "2229"]
[BlackElo "2032"]
[PlyCount "110"]
[EventDate "2004.12.27"]

1. e4 e6 2. Nf3 d5 3. e5 c5 4. b4 cxb4 5. a3 Nc6 6. axb4 Bxb4 7. c3 Be7 8. d4
Bd7 9. Bd3 a6 10. h4 Rc8 11. Ng5 Nh6 12. Nxh7 Nf5 13. g4 Rxh7 14. gxf5 exf5 15.
h5 Qc7 16. Bd2 Na5 17. Qf3 Nc4 18. Bc1 Rh8 19. Bxf5 Nxe5 20. Bxd7+ Nxd7 21.
Qxd5 Nf6 22. Qf3 Qc6 23. Qxc6+ Rxc6 24. h6 Re6+ 25. Kf1 Ne4 26. Ra2 gxh6 27.
Re2 Bg5 28. Rxe4 Bxc1 29. Rxe6+ fxe6 30. d5 exd5 31. Ke2 Bf4 32. Kd3 Kd7 33.
Kd4 h5 34. Kxd5 h4 35. Ke4 Bc7 36. Rh3 Bb6 37. f4 Bf2 38. Rd3+ Kc6 39. Kf3 Bc5
40. Kg4 Be7 41. Re3 Rh7 42. Nd2 a5 43. Nf3 h3 44. Nh2 a4 45. Re2 a3 46. Kf5 Bd6
47. Kg6 Re7 48. Rf2 Re3 49. Nf3 Rxc3 50. Ne5+ Kc7 51. Ng4 b5 52. Nf6 Rg3+ 53.
Kf7 Rg2 54. Rf3 h2 55. Ne8+ Kc6 0-1

[Event "XV Festival A"]
[Site "Robecchetto con Induno ITA"]
[Date "2004.12.29"]
[Round "6"]
[White "Mrdja, Milan"]
[Black "Sbarra, Marco"]
[Result "1/2-1/2"]
[WhiteElo "2420"]
[BlackElo "2231"]
[PlyCount "33"]
[EventDate "2004.12.27"]

1. e4 e5 2. Bc4 Nf6 3. d3 Nc6 4. Nf3 Be7 5. O-O O-O 6. Re1 d6 7. c3 Na5 8. Bb5
a6 9. Ba4 b5 10. Bc2 c5 11. Nbd2 Re8 12. Nf1 h6 13. Ng3 Bf8 14. h3 Nc6 15. d4
cxd4 16. cxd4 g6 17. d5 1/2-1/2

[Event "XV Festival A"]
[Site "Robecchetto con Induno ITA"]
[Date "2004.12.29"]
[Round "6"]
[White "Temi, Walter"]
[Black "Barlocco, Carlo"]
[Result "1/2-1/2"]
[WhiteElo "2099"]
[BlackElo "2108"]
[PlyCount "125"]
[EventDate "2004.12.27"]

1. e4 c5 2. Nf3 Nc6 3. Bc4 d6 4. d4 cxd4 5. Nxd4 Nf6 6. Nc3 Qb6 7. Nxc6 bxc6 8.
Bb3 g6 9. Be3 Qc7 10. O-O Bg7 11. Qd2 Ng4 12. Bf4 O-O 13. h3 Ne5 14. Bh6 Ba6
15. Bxg7 Kxg7 16. Rfe1 c5 17. f4 Nc6 18. Nd5 Qb7 19. f5 Ne5 20. f6+ exf6 21.
Qf4 f5 22. exf5 c4 23. f6+ Kh8 24. Qh6 Rg8 25. Rad1 cxb3 26. axb3 Rae8 27. Qg5
Qd7 28. Ne7 Rxe7 29. fxe7 Qe6 30. Qd2 Re8 31. Qxd6 Rxe7 32. Rxe5 Qxe5 33. Qxa6
Qxb2 34. Qd3 Kg7 35. Kf1 Qf6+ 36. Kg1 Qe5 37. Qd4 Qxd4+ 38. Rxd4 Kf6 39. Kf2
Ke5 40. Rc4 Kd5 41. Rc8 f5 42. Kf3 g5 43. Rg8 h6 44. Rd8+ Ke5 45. Rc8 Re6 46.
Rc5+ Kf6 47. b4 h5 48. b5 g4+ 49. hxg4 hxg4+ 50. Kf2 a6 51. bxa6 Rxa6 52. g3
Ra3 53. Rc8 Rf3+ 54. Kg2 Ke5 55. Rd8 Ke4 56. Re8+ Kd4 57. Re2 Kc3 58. Kh2 Rf1
59. Kg2 Rc1 60. Re5 Rxc2+ 61. Kg1 Kd3 62. Rxf5 Re2 63. Rf8 1/2-1/2

[Event "XV Festival A"]
[Site "Robecchetto con Induno ITA"]
[Date "2004.12.29"]
[Round "6"]
[White "Zacco, Remo"]
[Black "Volpi, Davide"]
[Result "1/2-1/2"]
[WhiteElo "2016"]
[BlackElo "2069"]
[PlyCount "96"]
[EventDate "2004.12.27"]

1. e4 c5 2. Nf3 Nc6 3. Bb5 g6 4. c3 Qb6 5. Ba4 Bg7 6. O-O Nf6 7. Re1 O-O 8. Na3
d6 9. d3 Bg4 10. h3 Bxf3 11. Qxf3 e5 12. Nc4 Qc7 13. Bg5 Ne8 14. Ne3 Ne7 15.
Bb3 Kh8 16. g4 f6 17. Bh4 Bh6 18. Qg2 Bxe3 19. Rxe3 g5 20. Bg3 Ng6 21. Rd1 Ng7
22. Qh2 b5 23. Bd5 Rad8 24. h4 Qd7 25. f3 Ne6 26. Bxe6 Qxe6 27. hxg5 fxg5 28.
d4 c4 29. Kg2 Qf6 30. Qg1 a5 31. a3 Rf7 32. Rd2 Rdf8 33. Qd1 h5 34. gxh5 Nf4+
35. Bxf4 gxf4 36. Re1 Qh4 37. Rf2 Qxh5 38. Kf1 Rh7 39. Ke2 Qf7 40. Rh1 Rg8 41.
Rfh2 Rgg7 42. dxe5 dxe5 43. Qd8+ Qg8 44. Rxh7+ Rxh7 45. Qf6+ Qg7 46. Qd8+ Qg8
47. Qf6+ Qg7 48. Qd8+ Qg8 1/2-1/2

[Event "X Open A"]
[Site "Montecatini Terme ITA"]
[Date "2004.12.27"]
[Round "1"]
[White "Amato, Andrea"]
[Black "Stojanovic, Mihajlo"]
[Result "0-1"]
[WhiteElo "2061"]
[BlackElo "2504"]
[PlyCount "50"]
[EventDate "2004.12.27"]

1. e4 e6 2. d4 d5 3. e5 Ne7 4. Bd3 b6 5. c3 Qd7 6. Qe2 a5 7. Nf3 Ba6 8. O-O
Bxd3 9. Qxd3 Nbc6 10. Na3 Ng6 11. Nb5 Be7 12. Ng5 O-O 13. f4 Nd8 14. Rf3 f5 15.
exf6 Rxf6 16. Rh3 h6 17. Nf3 Nf7 18. Ne5 Nfxe5 19. dxe5 Nxf4 20. Bxf4 Rxf4 21.
a4 Raf8 22. Nd4 Bc5 23. Kh1 Bxd4 24. cxd4 Qxa4 25. Rc1 Qxd4 0-1

[Event "X Open A"]
[Site "Montecatini Terme ITA"]
[Date "2004.12.27"]
[Round "1"]
[White "Bocchicchio, Gaetano"]
[Black "Lomakina, Nadya"]
[Result "1-0"]
[WhiteElo "2197"]
[BlackElo "1901"]
[PlyCount "35"]
[EventDate "2004.12.27"]

1. d4 d5 2. Nc3 Nf6 3. Bg5 Bf5 4. f3 Nbd7 5. Nxd5 Nxd5 6. e4 h6 7. Bd2 Bxe4 8.
fxe4 N5f6 9. e5 Ne4 10. e6 Ndf6 11. exf7+ Kxf7 12. Bc4+ Ke8 13. Nf3 Nxd2 14.
Qxd2 Qd6 15. Ne5 e6 16. Qd3 Qb4+ 17. c3 Qxb2 18. O-O 1-0

[Event "X Open A"]
[Site "Montecatini Terme ITA"]
[Date "2004.12.27"]
[Round "1"]
[White "Collutiis, Duilio"]
[Black "Simonini, Roberto"]
[Result "0-1"]
[WhiteElo "2404"]
[BlackElo "2033"]
[PlyCount "21"]
[EventDate "2004.12.27"]

1. e4 e5 2. Nf3 Nf6 3. Nc3 Bb4 4. Nxe5 O-O 5. Nd3 Bxc3 6. dxc3 Nxe4 7. Nf4 Re8
8. Be2 d6 9. O-O Nd7 10. Re1 Ndf6 11. f3 0-1

[Event "X Open A"]
[Site "Montecatini Terme ITA"]
[Date "2004.12.27"]
[Round "1"]
[White "D'Eredita', Giuliano"]
[Black "Borin, Fabio"]
[Result "1-0"]
[WhiteElo "1915"]
[BlackElo "2203"]
[PlyCount "51"]
[EventDate "2004.12.27"]

1. e4 d6 2. d4 Nf6 3. Nc3 e5 4. dxe5 dxe5 5. Qxd8+ Kxd8 6. Bg5 Bd6 7. O-O-O
Nbd7 8. Nf3 a6 9. Bc4 Ke8 10. Rhe1 Nb6 11. Bb3 Be6 12. Nd5 Bxd5 13. exd5 Nfd7
14. Nd4 Bc5 15. Nf5 f6 16. Nxg7+ Kf7 17. Bh6 Kg6 18. Ne6 Kxh6 19. Rd3 Rhg8 20.
Rh3+ Kg6 21. Re4 Bxf2 22. Rg4+ Kf5 23. Rxg8 Rxg8 24. Rf3+ Ke4 25. Rxf2 Nxd5 26.
Nxc7 1-0

[Event "X Open A"]
[Site "Montecatini Terme ITA"]
[Date "2004.12.27"]
[Round "1"]
[White "Manconi, Antonio"]
[Black "Ramondino, Renzo"]
[Result "1/2-1/2"]
[WhiteElo "1933"]
[BlackElo "2235"]
[PlyCount "51"]
[EventDate "2004.12.27"]

1. e4 c5 2. Nf3 d6 3. d4 cxd4 4. Nxd4 Nf6 5. Nc3 g6 6. Be2 Bg7 7. Be3 O-O 8. f4
Nc6 9. Nb3 Be6 10. g4 Na5 11. f5 Bc4 12. g5 Bxe2 13. Qxe2 Nd7 14. O-O Rc8 15.
Nxa5 Qxa5 16. Nd5 Rfe8 17. c3 gxf5 18. Rxf5 Qa6 19. Qh5 Ne5 20. Bd4 Qd3 21.
Bxe5 dxe5 22. Rxf7 Qxe4 23. Nxe7+ Rxe7 24. Rxe7 Qe3+ 25. Kg2 Qd2+ 26. Kg1
1/2-1/2

[Event "X Open A"]
[Site "Montecatini Terme ITA"]
[Date "2004.12.27"]
[Round "1"]
[White "Manole, Vasile"]
[Black "Choque Paredes, Jose' Carlos"]
[Result "1-0"]
[WhiteElo "2370"]
[BlackElo "1977"]
[PlyCount "51"]
[EventDate "2004.12.27"]

1. e4 c5 2. Nc3 Nc6 3. f4 e6 4. Nf3 d5 5. Bb5 a6 6. Bxc6+ bxc6 7. d3 Be7 8. O-O
Nf6 9. e5 Nd7 10. Na4 a5 11. c4 Ba6 12. b3 f5 13. exf6 Bxf6 14. Rb1 O-O 15. Be3
d4 16. Bd2 Qc7 17. Qe2 Rfe8 18. Rbe1 Bc8 19. Qf2 Qd6 20. Qg3 Ra7 21. Re2 e5 22.
Rfe1 h5 23. fxe5 Nxe5 24. Nxe5 Rae7 25. Ng6 Qxg3 26. Nxe7+ 1-0

[Event "X Open A"]
[Site "Montecatini Terme ITA"]
[Date "2004.12.27"]
[Round "1"]
[White "Nardi, Marco"]
[Black "Vezzosi, Paolo"]
[Result "1/2-1/2"]
[WhiteElo "1964"]
[BlackElo "2363"]
[PlyCount "77"]
[EventDate "2004.12.27"]

1. e4 c5 2. Nc3 Nc6 3. g3 g6 4. Bg2 Bg7 5. d3 e6 6. Be3 d6 7. Nge2 Nd4 8. O-O
Ne7 9. Qd2 Nxe2+ 10. Qxe2 Rb8 11. Qd2 h5 12. d4 c4 13. d5 exd5 14. Bxa7 Ra8 15.
Bd4 Bxd4 16. Qxd4 O-O 17. exd5 Bf5 18. Rac1 Rc8 19. h3 Bd7 20. Ne4 Nf5 21. Qf6
Bb5 22. Qc3 f6 23. Rfe1 Rc7 24. Qb4 Ba6 25. Nd2 Rc5 26. Qc3 Qa5 27. Qxa5 Rxa5
28. a3 c3 29. bxc3 Rxa3 30. Re6 Rxc3 31. Ne4 Rc7 32. Nxf6+ Kf7 33. Ne4 Nd4 34.
Ng5+ Kg7 35. Re4 Rf5 36. Ne6+ Nxe6 37. Rxe6 Rf6 38. Rce1 Rxc2 39. Rxf6 1/2-1/2

[Event "X Open A"]
[Site "Montecatini Terme ITA"]
[Date "2004.12.27"]
[Round "1"]
[White "Paolinelli, Giacomo"]
[Black "Aleksic, Nenad"]
[Result "0-1"]
[WhiteElo "2024"]
[BlackElo "2393"]
[PlyCount "76"]
[EventDate "2004.12.27"]

1. e4 c5 2. Nc3 a6 3. a4 b6 4. g3 Bb7 5. Bg2 e6 6. Nge2 Nf6 7. O-O d6 8. d3 Nc6
9. h3 Be7 10. Be3 O-O 11. f4 d5 12. exd5 exd5 13. Bf2 d4 14. Ne4 Nxe4 15. dxe4
Qc7 16. c3 dxc3 17. Nxc3 Nb4 18. Qe2 c4 19. Na2 Nd3 20. Kh2 Rfe8 21. Nc1 Nxf2
22. Qxf2 Rad8 23. Na2 Rd3 24. Rfd1 Bc5 25. Qe2 Re3 26. Qxc4 Rxg3 27. Qf1 Rb3
28. Rab1 Bxe4 29. Re1 Re3 30. Rbd1 Bxg2 31. Kxg2 Qc6+ 32. Kh2 Qxa4 33. Nc3 Qc2+
34. Kh1 h6 35. Rxe3 Rxe3 36. Rb1 a5 37. h4 Qf5 38. Kh2 Qg4 0-1

[Event "X Open A"]
[Site "Montecatini Terme ITA"]
[Date "2004.12.27"]
[Round "1"]
[White "Stromboli, Ettore"]
[Black "Trabucco Campos, Andrea"]
[Result "1-0"]
[WhiteElo "2207"]
[BlackElo "1925"]
[PlyCount "67"]
[EventDate "2004.12.27"]

1. e4 c5 2. Nf3 d6 3. d4 cxd4 4. Nxd4 Nf6 5. f3 a6 6. c4 e6 7. Nc3 Be7 8. Be3
O-O 9. Be2 Nc6 10. O-O Qc7 11. Rc1 Rd8 12. Qe1 Bd7 13. Nd5 Nxd5 14. cxd5 Rac8
15. dxc6 bxc6 16. b4 Qb7 17. a3 c5 18. bxc5 dxc5 19. Nc2 c4 20. Qc3 Bb5 21.
Rfd1 Rd3 22. Bxd3 cxd3 23. Qd2 dxc2 24. Rxc2 Rxc2 25. Qxc2 h6 26. a4 Be8 27. a5
Qb4 28. Qc8 Qa4 29. Rb1 Kh7 30. Qxa6 Bf6 31. Qd3 Be5 32. a6 Bc6 33. a7 g5 34.
Qb3 1-0

[Event "X Open A"]
[Site "Montecatini Terme ITA"]
[Date "2004.12.27"]
[Round "1"]
[White "Tocchioni, Doriano"]
[Black "Fratino, Lorenzo"]
[Result "1-0"]
[WhiteElo "2274"]
[BlackElo "1938"]
[PlyCount "65"]
[EventDate "2004.12.27"]

1. Nf3 d5 2. g3 c6 3. Bg2 Nf6 4. O-O Bf5 5. b3 Nbd7 6. Bb2 Qc7 7. d4 e6 8. Nbd2
h6 9. c4 Be7 10. Rc1 Qa5 11. a3 Ne4 12. b4 Qb6 13. Nb3 Ng5 14. Ne5 Nxe5 15. c5
Nef3+ 16. exf3 Qc7 17. Qe2 h5 18. f4 Nh3+ 19. Bxh3 Bxh3 20. Rfe1 g5 21. fxg5
Bxg5 22. Rc3 Bg4 23. f3 Bf5 24. Bc1 Bxc1 25. Nxc1 O-O-O 26. b5 Qa5 27. Rb3 cxb5
28. Rxb5 Qxa3 29. Nb3 a6 30. Rb6 Qa4 31. c6 bxc6 32. Qe5 f6 33. Rb8+ 1-0

[Event "X Open A"]
[Site "Montecatini Terme ITA"]
[Date "2004.12.28"]
[Round "2"]
[White "Aleksic, Nenad"]
[Black "Barberi, Alessandro"]
[Result "1-0"]
[WhiteElo "2393"]
[BlackElo "2161"]
[PlyCount "67"]
[EventDate "2004.12.27"]

1. e4 c5 2. Nf3 d6 3. d4 cxd4 4. Nxd4 Nf6 5. Nc3 g6 6. Bc4 Bg7 7. h3 Nc6 8. Be3
O-O 9. Bb3 Bd7 10. O-O Qa5 11. Re1 Rac8 12. Nd5 Nxd5 13. exd5 Ne5 14. Qe2 b5
15. Rad1 Rfe8 16. c3 Nc4 17. Bc1 e5 18. dxe6 fxe6 19. Nf3 Qb6 20. Bf4 Bf8 21.
a3 Rc5 22. Bxc4 Rxc4 23. Qd2 Bc6 24. Nh2 Bd5 25. Ng4 Bg7 26. Bh6 Rf8 27. Bxg7
Kxg7 28. b3 Rcf4 29. c4 bxc4 30. Qc3+ R8f6 31. Rxd5 Rxg4 32. Rd2 Rgf4 33. bxc4
Rxf2 34. c5 1-0

[Event "X Open A"]
[Site "Montecatini Terme ITA"]
[Date "2004.12.28"]
[Round "2"]
[White "Della Corte, Alessandro"]
[Black "Manole, Vasile"]
[Result "1/2-1/2"]
[WhiteElo "2144"]
[BlackElo "2370"]
[PlyCount "118"]
[EventDate "2004.12.27"]

1. e4 e6 2. d4 d5 3. Nc3 Nf6 4. Bg5 Bb4 5. e5 h6 6. Bc1 Ne4 7. Qg4 g6 8. Bd3 h5
9. Qf4 g5 10. Qe3 Nxc3 11. a3 Be7 12. bxc3 b6 13. Nh3 g4 14. Nf4 Ba6 15. Bxa6
Nxa6 16. h3 Kd7 17. Qe2 Nb8 18. hxg4 hxg4 19. Rxh8 Qxh8 20. Qxg4 Nc6 21. Qh3
Qg7 22. Qf3 Rh8 23. Ke2 Na5 24. Be3 Qh7 25. Nd3 Nc4 26. a4 a5 27. g4 c6 28. Rb1
Kc7 29. Bf4 Kb7 30. Ne1 Qg6 31. Nd3 Ka6 32. Bd2 Rh4 33. Rg1 Qe4+ 34. Qxe4 dxe4
35. Nc1 Rh2 36. Bf4 Rh3 37. Na2 Rf3 38. Be3 Nxe3 39. fxe3 Bg5 40. Rf1 Rxe3+ 41.
Kd1 Rf3 42. Rxf3 exf3 43. c4 Be3 44. Nc3 Bxd4 45. Ne4 Bxe5 46. Ng5 f5 47. Nxf3
Bc3 48. g5 b5 49. cxb5+ cxb5 50. axb5+ Kxb5 51. g6 a4 52. Kc1 Kc4 53. Ng5 Kd5
54. Kb1 f4 55. Ka2 Bg7 56. c4+ Kxc4 57. Nxe6 Be5 58. Ng5 Kd5 59. Nf3 Bf6
1/2-1/2

[Event "X Open A"]
[Site "Montecatini Terme ITA"]
[Date "2004.12.28"]
[Round "2"]
[White "Ferretti, Folco"]
[Black "Manconi, Antonio"]
[Result "1-0"]
[WhiteElo "2282"]
[BlackElo "1933"]
[PlyCount "89"]
[EventDate "2004.12.27"]

1. Nf3 Nf6 2. c4 g6 3. b4 Bg7 4. Bb2 O-O 5. g3 d6 6. Bg2 e5 7. O-O Qe7 8. d3
Nbd7 9. Nc3 c6 10. Qb3 Ne8 11. a4 Nc7 12. Ba3 Ne6 13. e3 f5 14. Nd2 g5 15. b5
Ndc5 16. Qc2 Bd7 17. a5 a6 18. bxc6 bxc6 19. Rab1 f4 20. Rb6 Rac8 21. Nce4 g4
22. Nxc5 dxc5 23. Re1 f3 24. Bf1 Qg5 25. Ne4 Qg6 26. Nxc5 Nxc5 27. Bxc5 Rf7 28.
Reb1 Bf8 29. Bxf8 Rcxf8 30. Rxa6 h5 31. Qc3 Qf6 32. Rb5 Re7 33. d4 exd4 34.
exd4 h4 35. Rh5 hxg3 36. hxg3 Rh7 37. Rxh7 Kxh7 38. Ra7 Rf7 39. Qd3+ Kg7 40.
Qe4 Kh6 41. Qe5 Qg6 42. a6 Rg7 43. Ra8 Bf5 44. Rh8+ Rh7 45. a7 1-0

[Event "X Open A"]
[Site "Montecatini Terme ITA"]
[Date "2004.12.28"]
[Round "2"]
[White "Frilli, Guido"]
[Black "Tocchioni, Doriano"]
[Result "1-0"]
[WhiteElo "2125"]
[BlackElo "2274"]
[PlyCount "49"]
[EventDate "2004.12.27"]

1. e4 c6 2. d4 d5 3. Nc3 dxe4 4. Nxe4 Nf6 5. Nxf6+ gxf6 6. c3 Qd5 7. Ne2 Bg4 8.
f3 Bf5 9. Nf4 Qd7 10. Bc4 b5 11. Bd3 Na6 12. a4 Nc7 13. axb5 cxb5 14. Qe2 Bxd3
15. Nxd3 e6 16. Qe4 Bd6 17. Bf4 Rg8 18. O-O Ke7 19. Nc5 Bxc5 20. dxc5 e5 21.
Rfd1 Qc8 22. c6 Rg6 23. Qb4+ Ke8 24. Rd7 Nd5 25. Qd6 1-0

[Event "X Open A"]
[Site "Montecatini Terme ITA"]
[Date "2004.12.28"]
[Round "2"]
[White "Frugoli, Francesco"]
[Black "Stromboli, Ettore"]
[Result "1-0"]
[WhiteElo "2089"]
[BlackElo "2207"]
[PlyCount "63"]
[EventDate "2004.12.27"]

1. e4 e6 2. Nf3 d5 3. Nc3 c5 4. exd5 exd5 5. Bb5+ Nc6 6. O-O Be7 7. d4 a6 8.
Bxc6+ bxc6 9. Ne5 Qd6 10. Re1 Be6 11. Bf4 cxd4 12. Qxd4 Qc5 13. Qa4 Rc8 14.
Qxa6 Nf6 15. Nd3 Qc4 16. Qb7 Ne4 17. Be5 f6 18. b3 Nc5 19. Qxc8+ Bxc8 20. bxc4
fxe5 21. cxd5 Nxd3 22. cxd3 cxd5 23. Nxd5 Bd6 24. d4 O-O 25. dxe5 Bc5 26. Ne3
Bd4 27. Rac1 Be6 28. a4 Ra8 29. Rc6 Bd7 30. Rd6 Bc3 31. Rc1 Bb2 32. Rb1 1-0

[Event "X Open A"]
[Site "Montecatini Terme ITA"]
[Date "2004.12.28"]
[Round "2"]
[White "Riccio, Eros"]
[Black "D'Eredita', Giuliano"]
[Result "0-1"]
[WhiteElo "2175"]
[BlackElo "1915"]
[PlyCount "66"]
[EventDate "2004.12.27"]

1. e4 c5 2. Nf3 d6 3. d4 cxd4 4. Nxd4 Nf6 5. Nc3 g6 6. Be3 Bg7 7. f3 O-O 8. Qd2
Nc6 9. Bc4 Bd7 10. O-O-O Rc8 11. Bb3 Ne5 12. h4 h5 13. Bg5 Rc5 14. Kb1 b5 15.
g4 hxg4 16. h5 Nxh5 17. Nd5 Re8 18. Bh6 e6 19. Bxg7 Kxg7 20. Nf4 Rh8 21. Bxe6
Nxf3 22. Nxf3 Bxe6 23. Qd4+ Qf6 24. Nxe6+ fxe6 25. e5 Qf5 26. exd6+ Nf6 27. Nh4
Rxh4 28. Rhf1 Qe5 29. Qf2 Rh2 30. d7 Rxf2 31. d8=Q Rcxc2 32. Rd7+ Nxd7 33. Qe7+
Kh6 0-1